[Event "Portugal Open 2020"]
[Site "Lisboa POR"]
[Date "2020.01.27"]
[Round "4.100"]
[White "Oliveira, Fernando Alves"]
[Black "Rosa, José"]
[Result "1-0"]
[WhiteElo "1574"]
[BlackElo "1224"]
[WhiteFideId "1947869"]
[BlackFideId "1961977"]
[WhiteCountry "POR"]
[BlackCountry "POR"]
[PlyCount "53"]
[EventDate "2020.01.25"]

1. d4 Nf6 2. e3 g6 3. Bd3 d5 4. Nd2 Bg7 5. Ngf3 c6 6. h3 O-O 7. O-O Nbd7 8. Re1
Re8 9. c3 e5 10. dxe5 Nxe5 11. Nxe5 Rxe5 12. Nf3 Re8 13. Qc2 Ne4 14. Qd1 Nxc3
15. bxc3 Bxc3 16. Bd2 Bxa1 17. Qxa1 Be6 18. Bc3 Qd7 19. Bh8 f5 20. Be5 f4 21.
Bxf4 Bxh3 22. Ne5 Qe6 23. gxh3 Qxh3 24. Be2 Qf5 25. Bg4 Qc2 26. Re2 Qc5 27. Nd7
1-0

[Event "Portugal Open 2020"]
[Site "Lisboa POR"]
[Date "2020.01.27"]
[Round "4.101"]
[White "Bártolo, Diogo"]
[Black "Lages, Duarte"]
[Result "1-0"]
[WhiteElo "1216"]
[BlackElo "1548"]
[WhiteFideId "1946757"]
[BlackFideId "2161680"]
[WhiteCountry "POR"]
[BlackCountry "POR"]
[PlyCount "45"]
[EventDate "2020.01.25"]

1. e4 c6 2. Nc3 d5 3. Nf3 Bg4 4. Be2 e6 5. a3 Nd7 6. d4 Ne7 7. Ng5 Bxe2 8. Qxe2
c5 9. Qf3 f6 10. Nxe6 Qb6 11. Nb5 Rc8 12. Nxf8 Nxf8 13. a4 a6 14. dxc5 Qxc5 15.
Be3 Qb4+ 16. c3 Qxb2 17. Nd6+ Kd7 18. O-O Kxd6 19. Rab1 Qc2 20. Rb6+ Rc6 21.
Rxb7 Qxe4 22. Qg3+ Ke6 23. Qxg7 1-0

[Event "Portugal Open 2020"]
[Site "Lisboa POR"]
[Date "2020.01.27"]
[Round "4.102"]
[White "Correia, Mário Lino"]
[Black "Moura, Miguel"]
[Result "1-0"]
[WhiteElo "1453"]
[BlackElo "1029"]
[WhiteFideId "1967517"]
[BlackFideId "1963430"]
[WhiteCountry "POR"]
[BlackCountry "POR"]
[PlyCount "89"]
[EventDate "2020.01.25"]

1. Nf3 d5 2. b3 c5 3. Bb2 Nf6 4. e3 Nc6 5. d4 cxd4 6. Nxd4 Nxd4 7. Bxd4 Bf5 8.
g3 Rc8 9. Bb5+ Bd7 10. Bd3 Qa5+ 11. c3 Bh3 12. Qf3 Rc6 13. b4 Qa4 14. Bxf6 Rxf6
15. Qxd5 a6 16. Qe4 e6 17. Qxb7 Be7 18. Be2 Qc2 19. Qc6+ Kd8 20. Na3 e5 21. Qd5+
Rd6 22. Qa5+ Kd7 23. Nxc2 Rc8 24. Bxa6 Rd8 25. Bb5+ Ke6 26. Bc4+ Kf6 27. e4 Bg2
28. Rg1 Bf3 29. Ne3 Kg6 30. Qxe5 Bf6 31. Qf5+ Kh6 32. e5 Bxe5 33. Qxe5 g6 34.
Qf4+ g5 35. Qxf3 f5 36. Nxf5+ Kg6 37. Nxd6 Rxd6 38. Qe4+ Kh6 39. Rd1 Rxd1+ 40.
Kxd1 g4 41. Re1 Kg7 42. Qxg4+ Kf6 43. Qe6+ Kg5 44. h4+ Kh5 45. Be2# 1-0

[Event "Portugal Open 2020"]
[Site "Lisboa POR"]
[Date "2020.01.27"]
[Round "4.103"]
[White "Clemente, António J"]
[Black "Costa, Raul"]
[Result "0-1"]
[WhiteElo "1163"]
[BlackElo "1420"]
[WhiteFideId "1961799"]
[BlackFideId "1956868"]
[WhiteCountry "POR"]
[BlackCountry "POR"]
[PlyCount "142"]
[EventDate "2020.01.25"]

1. e4 d5 2. exd5 Nf6 3. d3 Nxd5 4. Nf3 Bg4 5. Nbd2 e6 6. g3 Nc6 7. Bg2 Ne5 8.
O-O Be7 9. Re1 Nxf3+ 10. Nxf3 h6 11. Re4 Nf6 12. Re1 O-O 13. h3 Bh5 14. g4 Bg6
15. Be3 Nd5 16. Bd2 Bd6 17. Qc1 Qf6 18. g5 hxg5 19. Bxg5 Bf4 20. Bxf6 Bxc1 21.
Bxg7 Kxg7 22. Raxc1 Nf4 23. Ne5 Nxg2 24. Nxg6 Nxe1 25. Nxf8 Nf3+ 26. Kg2 Nh4+
27. Kh1 Rxf8 28. Rg1+ Kf6 29. Rg4 Ng6 30. Kg2 Rg8 31. Kh1 Kf5 32. c4 Rh8 33. b4
Rh4 34. Rg3 Rd4 35. a4 Ne5 36. h4 Rxd3 37. Rg5+ Kf4 38. Kg2 Ng6 39. Rc5 Nxh4+
40. Kf1 Kf3 41. Kg1 Rd7 42. Rh5 Nf5 43. Rh3+ Kg4 44. Rh7 a6 45. c5 c6 46. Rh8
Nd4 47. Kg2 f5 48. Rh6 Rg7 49. Rh1 Kf4+ 50. Kf1 Ke5 51. Rh3 Kd5 52. Rc3 e5 53.
b5 axb5 54. axb5 Nxb5 55. Rc2 Rg4 56. f3 Rc4 57. Rd2+ Kxc5 58. Kf2 Rc3 59. Re2
Kd4 60. Kg3 Nd6 61. Rb2 b5 62. Rb4+ Rc4 63. Rb3 e4 64. Rb1 Rc3 65. Rb4+ Kd3 66.
fxe4 fxe4 67. Kf4 e3 68. Ke5 Nc4+ 69. Ke6 e2 70. Rb1 Kd2 71. Rb2+ Nxb2 0-1

[Event "Portugal Open 2020"]
[Site "Lisboa POR"]
[Date "2020.01.27"]
[Round "4.104"]
[White "Guedes, Rui Pedro"]
[Black "Mões Joaquim, Carlos"]
[Result "0-1"]
[WhiteElo "1109"]
[BlackElo "1396"]
[WhiteFideId "1916084"]
[BlackFideId "1928104"]
[WhiteCountry "POR"]
[BlackCountry "CPV"]
[PlyCount "82"]
[EventDate "2020.01.25"]

1. e4 c5 2. Nf3 e6 3. d4 cxd4 4. Nxd4 Nc6 5. Nc3 a6 6. Be2 Nge7 7. O-O Ng6 8.
Bh5 Be7 9. Bxg6 hxg6 10. b3 Qa5 11. Bb2 Bf6 12. Nce2 Qh5 13. h3 g5 14. Ng3 Qg6
15. Rb1 g4 16. hxg4 Nxd4 17. Bxd4 Bxd4 18. Qxd4 Qxg4 19. Qc3 Qh4 20. f4 f6 21.
f5 e5 22. Rbd1 b5 23. Rf3 Bb7 24. Qd3 Bc6 25. c4 Qg4 26. c5 Rh4 27. Re3 O-O-O
28. Rde1 Rg8 29. a4 g6 30. axb5 axb5 31. Ra1 gxf5 32. exf5 Qg5 33. b4 Rxb4 34.
Ra3 Rc4 35. Rc3 Rd4 36. Qc2 Qg4 37. Qb3 Rd1+ 38. Kf2 Rd2+ 39. Ke1 Rxg2 40. Nf1
Qxf5 41. Ng3 Qf2+ 0-1

[Event "Portugal Open 2020"]
[Site "Lisboa POR"]
[Date "2020.01.27"]
[Round "4.105"]
[White "Ferreira, Cristina"]
[Black "Tacuchian, Marcelo"]
[Result "0-1"]
[WhiteElo "1011"]
[BlackElo "1363"]
[WhiteFideId "1963082"]
[BlackFideId "1964208"]
[WhiteCountry "POR"]
[BlackCountry "BRA"]
[PlyCount "56"]
[EventDate "2020.01.25"]

1. d4 d5 2. c4 Nf6 3. Nc3 Bf5 4. Nf3 a6 5. Nh4 Bg4 6. Nf3 dxc4 7. Ne5 b5 8. g3
Bd7 9. Bg2 c6 10. O-O e6 11. a3 Bd6 12. Bf4 Qc7 13. e4 O-O 14. Qd2 Bc8 15. b4
Bb7 16. Rad1 a5 17. Ra1 Nbd7 18. Qe3 Nh5 19. Bh6 Nxe5 20. Qg5 Ng6 21. Qxh5 axb4
22. axb4 Bxb4 23. Na2 Ba5 24. f4 Bb6 25. f5 Bxd4+ 26. Kh1 Bxa1 27. Rxa1 Qe5 28.
Qg5 Qxa1+ 0-1

[Event "Portugal Open 2020"]
[Site "Lisboa POR"]
[Date "2020.01.28"]
[Round "5.1"]
[White "Alekseev, Evgeny"]
[Black "Asadli, Vugar"]
[Result "1/2-1/2"]
[WhiteElo "2623"]
[BlackElo "2538"]
[WhiteFideId "4138147"]
[BlackFideId "13405764"]
[WhiteTitle "GM"]
[BlackTitle "GM"]
[WhiteCountry "RUS"]
[BlackCountry "AZE"]
[PlyCount "35"]
[EventDate "2020.??.??"]

1. e4 e5 2. Nf3 Nc6 3. Bc4 Bc5 4. O-O Nf6 5. d3 O-O 6. c3 d6 7. h3 a6 8. a4 h6
9. Re1 Re8 10. Nbd2 Be6 11. Bxe6 Rxe6 12. Nf1 d5 13. Qc2 Qd7 14. Be3 Bf8 15.
Rad1 Rd8 16. Ng3 dxe4 17. dxe4 Rd6 18. Rxd6 1/2-1/2

[Event "Portugal Open 2020"]
[Site "Lisboa POR"]
[Date "2020.01.28"]
[Round "5.2"]
[White "Janik, Igor"]
[Black "Iturrizaga, Eduardo"]
[Result "1/2-1/2"]
[WhiteElo "2453"]
[BlackElo "2597"]
[WhiteFideId "1159259"]
[BlackFideId "3901211"]
[WhiteTitle "IM"]
[BlackTitle "GM"]
[WhiteCountry "POL"]
[BlackCountry "VEN"]
[PlyCount "55"]
[EventDate "2020.??.??"]

1. d4 Nf6 2. c4 e6 3. Nf3 b6 4. g3 Bb7 5. Bg2 Be7 6. O-O O-O 7. Re1 Na6 8. h4
Qc8 9. Nc3 Ne4 10. Nxe4 Bxe4 11. Bg5 Bxg5 12. Nxg5 Bxg2 13. Kxg2 c5 14. d5 h6
15. Nf3 d6 16. e4 e5 17. h5 f5 18. Nh4 f4 19. Rc1 Nc7 20. Rc3 Rf7 21. Nf5 Rxf5
22. exf5 Qxf5 23. gxf4 Qxf4 24. b3 Rf8 25. Rf3 Qg4+ 26. Rg3 Qxd1 27. Rxd1 Ne8
28. Rf3 1/2-1/2

[Event "Portugal Open 2020"]
[Site "Lisboa POR"]
[Date "2020.01.28"]
[Round "5.3"]
[White "Stachowiak, Kamil"]
[Black "Motylev, Alexander"]
[Result "1/2-1/2"]
[WhiteElo "2446"]
[BlackElo "2640"]
[WhiteFideId "1119966"]
[BlackFideId "4121830"]
[WhiteTitle "IM"]
[BlackTitle "GM"]
[WhiteCountry "POL"]
[BlackCountry "RUS"]
[PlyCount "48"]
[EventDate "2020.??.??"]

1. d4 Nf6 2. Nf3 d5 3. c4 e6 4. Nc3 c6 5. Bg5 h6 6. Bxf6 Qxf6 7. e3 g6 8. Be2
Bg7 9. O-O O-O 10. e4 Rd8 11. e5 Qe7 12. c5 b6 13. b4 g5 14. h3 Nd7 15. Qc2 bxc5
16. bxc5 f6 17. exf6 Qxf6 18. Rae1 e5 19. dxe5 Nxe5 20. Nxe5 Qxe5 21. Nd1 Bf5
22. Bd3 Bxd3 23. Qxd3 Qd4 24. Qg6 Qf6 1/2-1/2

[Event "Portugal Open 2020"]
[Site "Lisboa POR"]
[Date "2020.01.28"]
[Round "5.4"]
[White "Tari, Aryan"]
[Black "Haldorsen, Benjamin"]
[Result "1/2-1/2"]
[WhiteElo "2635"]
[BlackElo "2463"]
[WhiteFideId "1510045"]
[BlackFideId "1512633"]
[WhiteTitle "GM"]
[BlackTitle "IM"]
[WhiteCountry "NOR"]
[BlackCountry "NOR"]
[PlyCount "84"]
[EventDate "2020.??.??"]

1. e4 c5 2. Nf3 Nc6 3. Bb5 e6 4. Bxc6 bxc6 5. b3 Ne7 6. Nc3 Ng6 7. d4 Qa5 8. Bb2
d5 9. O-O cxd4 10. Nxd4 Bd7 11. exd5 cxd5 12. f4 Bb4 13. Nce2 Ne7 14. a3 Bd6 15.
Ng3 Qb6 16. Kh1 h5 17. Qf3 h4 18. Nge2 h3 19. g3 Qb7 20. a4 f6 21. Nb5 Bb8 22.
Ba3 a6 23. Nbd4 Kf7 24. Rae1 Ba7 25. g4 Nc6 26. c3 Nxd4 27. Nxd4 Rac8 28. g5
Bxd4 29. cxd4 f5 30. g6+ Kg8 31. Bc5 Rh6 32. Rg1 Rc6 33. Rg3 Qc8 34. Rg5 Be8 35.
Rh5 Rxg6 36. Qxh3 Rxc5 37. dxc5 d4 38. Rg5 Rxg5 39. fxg5 Qxc5 40. Kg1 d3+ 41.
Kf1 Qd5 42. Kf2 e5 1/2-1/2

[Event "Portugal Open 2020"]
[Site "Lisboa POR"]
[Date "2020.01.28"]
[Round "5.5"]
[White "Dâmaso, Rui"]
[Black "Indjic, Aleksandar"]
[Result "0-1"]
[WhiteElo "2420"]
[BlackElo "2622"]
[WhiteFideId "1900030"]
[BlackFideId "911925"]
[WhiteTitle "IM"]
[BlackTitle "GM"]
[WhiteCountry "POR"]
[BlackCountry "SRB"]
[PlyCount "52"]
[EventDate "2020.??.??"]

1. Nf3 d5 2. g3 Bg4 3. Bg2 Nd7 4. O-O e6 5. d4 Bd6 6. Nbd2 Ne7 7. e4 c6 8. c4
Bh5 9. Qb3 Rb8 10. Re1 O-O 11. Ne5 Bxe5 12. dxe5 dxc4 13. Qc3 b5 14. b4 c5 15.
bxc5 Nc6 16. g4 Bxg4 17. a4 a6 18. axb5 axb5 19. Qg3 Bh5 20. Nf1 Nxc5 21. Bg5
Qb6 22. Ne3 Nd3 23. Qh4 Bg6 24. Ng4 Ncxe5 25. Nf6+ gxf6 26. Bh6 Qxf2+ 0-1

[Event "Portugal Open 2020"]
[Site "Lisboa POR"]
[Date "2020.01.28"]
[Round "5.6"]
[White "Ghamarian, Tigran"]
[Black "Butkiewicz, Lukasz"]
[Result "1-0"]
[WhiteElo "2603"]
[BlackElo "2416"]
[WhiteFideId "13301527"]
[BlackFideId "1122428"]
[WhiteTitle "GM"]
[BlackTitle "IM"]
[WhiteCountry "FRA"]
[BlackCountry "POL"]
[PlyCount "87"]
[EventDate "2020.??.??"]

1. e4 c6 2. Nf3 g6 3. d4 Bg7 4. h3 d6 5. Bd3 Nf6 6. O-O O-O 7. Re1 Qc7 8. Be3
Nbd7 9. Nbd2 e5 10. c3 Re8 11. a4 Nf8 12. Qc2 Ne6 13. dxe5 dxe5 14. a5 Bf8 15.
b4 Nf4 16. Bf1 Be6 17. Nc4 Nd7 18. Ng5 h6 19. Nxe6 Nxe6 20. Red1 h5 21. h4 Nf6
22. f3 Kh7 23. Qf2 a6 24. Qg3 Bg7 25. Bb6 Qb8 26. Ra2 Re7 27. Rad2 Bh6 28. Rd6
Qe8 29. Qf2 Nd7 30. Be3 Bxe3 31. Qxe3 Nef8 32. Nb6 Nxb6 33. Qxb6 Ne6 34. Bc4 Rb8
35. Bxe6 Rxe6 36. Rd7 c5 37. Qxc5 Rc8 38. Rxf7+ Qxf7 39. Qxc8 Re7 40. Qd8 Kg7
41. c4 Qf6 42. Rd7 Rxd7 43. Qxd7+ Kh6 44. Qc8 1-0

[Event "Portugal Open 2020"]
[Site "Lisboa POR"]
[Date "2020.01.28"]
[Round "5.7"]
[White "Petrov, Nikita"]
[Black "Savanovic, Aleksandar"]
[Result "1-0"]
[WhiteElo "2592"]
[BlackElo "2414"]
[WhiteFideId "4101286"]
[BlackFideId "914932"]
[WhiteTitle "GM"]
[BlackTitle "IM"]
[WhiteCountry "RUS"]
[BlackCountry "BIH"]
[PlyCount "73"]
[EventDate "2020.??.??"]

1. d4 d5 2. c4 e6 3. Nf3 Nf6 4. g3 dxc4 5. Bg2 a6 6. O-O Nc6 7. e3 Bd7 8. Qe2 b5
9. Rd1 Rb8 10. b3 cxb3 11. axb3 Qc8 12. e4 Be7 13. Nc3 O-O 14. Bf4 Rd8 15. Rac1
Qb7 16. d5 Nb4 17. Ng5 h6 18. Nxf7 Kxf7 19. e5 Nfxd5 20. Nxd5 Nxd5 21. Bxd5 Qb6
22. Be4 Be8 23. Be3 c5 24. b4 Rxd1+ 25. Qxd1 Kg8 26. Bxc5 Qc7 27. Bd6 Bxd6 28.
exd6 Qf7 29. Rc7 Bd7 30. Bc6 Bxc6 31. Rxf7 Kxf7 32. Qh5+ Kf6 33. Qh4+ Ke5 34. d7
g5 35. Qxh6 Bxd7 36. Qxg5+ Kd6 37. Qc5# 1-0

[Event "Portugal Open 2020"]
[Site "Lisboa POR"]
[Date "2020.01.28"]
[Round "5.8"]
[White "Alshameary Puente, Ismael"]
[Black "Ten Hertog, Hugo"]
[Result "0-1"]
[WhiteElo "2385"]
[BlackElo "2503"]
[WhiteFideId "2225166"]
[BlackFideId "1026356"]
[WhiteTitle "IM"]
[BlackTitle "IM"]
[WhiteCountry "ESP"]
[BlackCountry "NED"]
[PlyCount "126"]
[EventDate "2020.??.??"]

1. d4 d5 2. c4 e6 3. Nc3 c6 4. Nf3 Nf6 5. Bg5 dxc4 6. e4 b5 7. e5 h6 8. Bh4 g5
9. Nxg5 hxg5 10. Bxg5 Be7 11. exf6 Bxf6 12. Bxf6 Qxf6 13. a4 Bb7 14. Be2 Rh4 15.
Bf3 Rxd4 16. Qe2 b4 17. Ne4 Qe5 18. O-O f5 19. Nc5 Qxe2 20. Bxe2 Bc8 21. Bf3 Ke7
22. Rfd1 Rxd1+ 23. Rxd1 Na6 24. Nxa6 Bxa6 25. Bxc6 Rd8 26. Bf3 Rxd1+ 27. Bxd1 b3
28. f3 c3 29. Bxb3 cxb2 30. Bc2 f4 31. Kf2 Kf6 32. Ke1 Bc4 33. Bb1 e5 34. Kd2
Bf1 35. g3 Bg2 36. gxf4 exf4 37. Kc3 Bxf3 38. Kxb2 a5 39. Bc2 Ke5 40. Kc3 Bg4
41. Kd2 Kd4 42. h4 f3 43. Bd3 f2 44. Bf1 Bf3 45. Ba6 Ke4 46. Bf1 Kf4 47. Kc3 Ke3
48. Bh3 Bg4 49. Bf1 Bd1 50. Bg2 Bxa4 51. h5 Bc6 52. Bf1 Be4 53. h6 Kf4 54. Kb3
Kg5 55. Ka4 Kxh6 56. Kxa5 Kg5 57. Kb4 Kf4 58. Kc3 Ke3 59. Bc4 Bf3 60. Bf1 Be2
61. Bh3 Ba6 62. Kc2 Kf3 63. Kd2 Bb5 0-1

[Event "Portugal Open 2020"]
[Site "Lisboa POR"]
[Date "2020.01.28"]
[Round "5.9"]
[White "Spraggett, Kevin"]
[Black "Bayramov, Zaur"]
[Result "1/2-1/2"]
[WhiteElo "2501"]
[BlackElo "2333"]
[WhiteFideId "2600013"]
[BlackFideId "13405080"]
[WhiteTitle "GM"]
[BlackTitle "FM"]
[WhiteCountry "CAN"]
[BlackCountry "AZE"]
[PlyCount "113"]
[EventDate "2020.??.??"]

1. d4 Nf6 2. c4 c5 3. d5 e6 4. Nc3 exd5 5. cxd5 d6 6. Nf3 a6 7. a4 g6 8. Nd2
Nbd7 9. e4 Bg7 10. Be2 O-O 11. O-O Re8 12. Ra3 Qc7 13. Re1 Rb8 14. a5 b5 15.
axb6 Rxb6 16. Qc2 Rb4 17. Nc4 Nb6 18. b3 Nxc4 19. bxc4 Qb8 20. h3 Nd7 21. Nd1
Bd4 22. Bd2 Rb6 23. Bc3 Ne5 24. Kh2 f5 25. f4 Nf7 26. Bd3 fxe4 27. Bxe4 Bxc3 28.
Rxc3 Bd7 29. Rce3 Qd8 30. Qc3 Rb8 31. Rg3 Kf8 32. Nf2 Qh4 33. Rf3 Kg8 34. Qa1 a5
35. Qxa5 Re7 36. Bd3 Rxe1 37. Qxe1 Re8 38. Qa1 Kf8 39. g3 Qe7 40. Kg2 Qe1 41.
Qf6 Re3 42. Rxe3 Qxe3 43. Qb2 Ke7 44. Qb7 Kd8 45. Qb8+ Ke7 46. Qa7 Ke8 47. Bb1
g5 48. f5 Ne5 49. Be4 Bxf5 50. Qb8+ Ke7 51. Bxf5 Qf3+ 52. Kg1 Qxf5 53. Qb7+ Nd7
54. Kg2 Qc2 55. Qb5 Ne5 56. Qb7+ Nd7 57. Qb5 1/2-1/2

[Event "Portugal Open 2020"]
[Site "Lisboa POR"]
[Date "2020.01.28"]
[Round "5.10"]
[White "Veiga, Francisco"]
[Black "Grigoryan, Karen H"]
[Result "0-1"]
[WhiteElo "2312"]
[BlackElo "2632"]
[WhiteFideId "1930087"]
[BlackFideId "13301004"]
[WhiteTitle "FM"]
[BlackTitle "GM"]
[WhiteCountry "POR"]
[BlackCountry "ARM"]
[PlyCount "92"]
[EventDate "2020.??.??"]

1. e4 c5 2. Nf3 Nc6 3. d4 cxd4 4. Nxd4 Qb6 5. Nb3 Nf6 6. Nc3 e6 7. Bd3 Be7 8.
Be3 Qc7 9. f4 d6 10. Qf3 a6 11. O-O-O Nb4 12. g4 b5 13. Kb1 Bb7 14. g5 Nd7 15.
Rhf1 Rc8 16. Bd4 Nxd3 17. cxd3 b4 18. Ne2 O-O 19. Rc1 Qb8 20. Rxc8 Qxc8 21. Ng3
Bd8 22. Rc1 Qa8 23. Qg4 Bc6 24. Rf1 Bb5 25. Nc1 e5 26. fxe5 Nxe5 27. Bxe5 dxe5
28. Nh5 Kh8 29. Qe6 Bxg5 30. Qxe5 Bh6 31. Rf6 Re8 32. Qd4 Qd8 33. Qxd8 Rxd8 34.
Rxh6 gxh6 35. Kc2 Rg8 36. Nf4 Rg4 37. Nce2 Rh4 38. h3 Bd7 39. d4 Bb5 40. d5 Kg8
41. e5 Kf8 42. Kd2 Bxe2 43. Nxe2 Re4 44. Kd3 Rxe5 45. Nf4 Ke7 46. Kd4 Kd6 0-1

[Event "Portugal Open 2020"]
[Site "Lisboa POR"]
[Date "2020.01.28"]
[Round "5.11"]
[White "Gahan, M G"]
[Black "Arizmendi Martínez, Julen Luis"]
[Result "0-1"]
[WhiteElo "2245"]
[BlackElo "2505"]
[WhiteFideId "5027373"]
[BlackFideId "2205092"]
[WhiteTitle "FM"]
[BlackTitle "GM"]
[WhiteCountry "IND"]
[BlackCountry "ESP"]
[PlyCount "116"]
[EventDate "2020.??.??"]

1. e4 e6 2. d4 d5 3. Bd3 c5 4. exd5 exd5 5. dxc5 Bxc5 6. Nf3 Nf6 7. O-O O-O 8.
Nc3 h6 9. Bf4 Bg4 10. h3 Bh5 11. g4 Bg6 12. Ne5 Bxd3 13. Qxd3 Nc6 14. Rad1 Re8
15. Qb5 Qb6 16. Qxb6 axb6 17. Nxc6 bxc6 18. a3 d4 19. Nb1 Nd5 20. Bg3 Re2 21. b4
Bf8 22. Rxd4 Rxc2 23. Rd3 b5 24. Rfd1 g5 25. R1d2 Rc4 26. Kg2 Bg7 27. Kf3 Kh7
28. Rd1 Kg6 29. Bd6 Nc3 30. Nxc3 Rxc3 31. Rxc3 Bxc3 32. Bc5 Rxa3 33. Rd6+ f6 34.
Kg2 Rb3 35. Rd3 Ra3 36. Rd7 h5 37. gxh5+ Kxh5 38. Rc7 Ra6 39. h4 Kxh4 40. Kf3
Kh5 41. Ke4 Kg6 42. Bf8 f5+ 43. Kd3 Be5 44. Re7 Bf6 45. Rc7 Be5 46. Re7 Bf6 47.
Rc7 Ra3+ 48. Ke2 Ra2+ 49. Ke1 Ra6 50. Ke2 g4 51. Bd6 Bd4 52. Bg3 Ra2+ 53. Kd3
Bxf2 54. Rxc6+ Kg5 55. Be5 g3 56. Rc7 Kg4 57. Rg7+ Kf3 58. Rg5 f4 0-1

[Event "Portugal Open 2020"]
[Site "Lisboa POR"]
[Date "2020.01.28"]
[Round "5.12"]
[White "Balbuena Fuentes, Mario"]
[Black "Martín Duque, Jesus"]
[Result "1/2-1/2"]
[WhiteElo "2234"]
[BlackElo "2447"]
[WhiteFideId "32017880"]
[BlackFideId "2208954"]
[WhiteTitle "FM"]
[BlackTitle "IM"]
[WhiteCountry "ESP"]
[BlackCountry "ESP"]
[PlyCount "213"]
[EventDate "2020.??.??"]

1. e4 c5 2. Nf3 e6 3. d4 cxd4 4. Nxd4 Nc6 5. Nc3 Qc7 6. g3 a6 7. Bg2 h5 8. h3 h4
9. g4 Nge7 10. Nde2 Ng6 11. O-O Bc5 12. Kh1 b5 13. f4 b4 14. Na4 Ba7 15. f5 Nge5
16. Bf4 Bb7 17. c3 Qa5 18. Rc1 bxc3 19. Rxc3 Rc8 20. a3 Ba8 21. b4 Qb5 22. Nc5
d6 23. Nxe6 fxe6 24. Qxd6 Nc4 25. Qxe6+ Ne7 26. f6 gxf6 27. Qxf6 Rf8 28. Qg7 Rd8
29. Rfc1 Rxf4 30. Rxc4 Qxc4 31. Rxc4 Rd1+ 32. Kh2 Bb8 33. e5 Rxc4 34. Qh8+ Kd7
35. Qxb8 Bxg2 36. e6+ Kxe6 37. Nf4+ Rxf4 38. Qxf4 Bd5 39. Qh6+ Kd7 40. Qxh4 Rd2+
41. Kg1 Ra2 42. Qf6 Rxa3 43. Kh2 Nc6 44. g5 Be6 45. Qg7+ Kd6 46. Qf8+ Kd7 47.
Qg7+ Ne7 48. Qd4+ Nd5 49. h4 Kd6 50. g6 Rb3 51. Qc5+ Ke5 52. Qa5 Rxb4 53. Qxa6
Rxh4+ 54. Kg3 Rg4+ 55. Kf3 Rxg6 56. Qb7 Rf6+ 57. Kg3 Rg6+ 58. Kf3 Bg4+ 59. Kf2
Bf5 60. Qb2+ Ke6 61. Qe2+ Kd6 62. Qa6+ Ke5 63. Qa1+ Kd6 64. Qa3+ Ke6 65. Qa6+
Kf7 66. Qb7+ Ne7 67. Ke3 Re6+ 68. Kf2 Be4 69. Qc7 Bc6 70. Qh2 Ng6 71. Qc7+ Kf6
72. Qd8+ Kf5 73. Qd3+ Be4 74. Qh3+ Kf6 75. Qc3+ Ne5 76. Ke3 Kf5 77. Qc5 Re8 78.
Qc7 Rh8 79. Kd4 Nf3+ 80. Ke3 Ne5 81. Kd4 Rd8+ 82. Kc3 Rd3+ 83. Kb4 Rd7 84. Qc8
Kf4 85. Qc1+ Kf3 86. Qh1+ Ke3 87. Qg1+ Kf4 88. Qc1+ Kf5 89. Qc8 Bd5 90. Qc2+ Ke6
91. Qc8 Ke7 92. Qc5+ Kf7 93. Qf2+ Bf3 94. Qe3 Ke6 95. Qh6+ Kd5 96. Qd2+ Ke4 97.
Qe1+ Kf5 98. Qe3 Rb7+ 99. Kc3 Rc7+ 100. Kb4 Rc4+ 101. Kb3 Bd5 102. Qh3+ Rg4+
103. Kc3 Kf6 104. Qh8+ Kf5 105. Qh3 Kf4 106. Qh6+ Kf5 107. Qh3 1/2-1/2

[Event "Portugal Open 2020"]
[Site "Lisboa POR"]
[Date "2020.01.28"]
[Round "5.13"]
[White "Rodriguez Lopez, Rafael"]
[Black "Campora, Daniel"]
[Result "0-1"]
[WhiteElo "2212"]
[BlackElo "2420"]
[WhiteFideId "2204495"]
[BlackFideId "100013"]
[WhiteTitle "IM"]
[BlackTitle "GM"]
[WhiteCountry "ESP"]
[BlackCountry "ARG"]
[PlyCount "124"]
[EventDate "2020.??.??"]

1. e4 c6 2. d4 d5 3. e5 Bf5 4. Nf3 e6 5. Be2 Nd7 6. O-O Ne7 7. Nbd2 c5 8. c4 Nc6
9. cxd5 exd5 10. dxc5 Be7 11. Nb3 Ndxe5 12. Nxe5 Nxe5 13. Qd4 Bf6 14. Bb5+ Kf8
15. Qf4 Be4 16. Bd2 a6 17. Be2 Nc6 18. Bc3 Bg5 19. Qg3 h6 20. Bxg7+ Kxg7 21. h4
Bg6 22. hxg5 hxg5 23. Rad1 Rh4 24. f4 gxf4 25. Rxf4 Rxf4 26. Qxf4 Qe7 27. Bf3
Rd8 28. Kf2 Ne5 29. Qd4 Qf6 30. Kg3 Nxf3 31. Qxf6+ Kxf6 32. gxf3 Bc2 33. Rd2
Bxb3 34. axb3 Ke5 35. Kf2 d4 36. Re2+ Kd5 37. Re7 Kxc5 38. Rxb7 f6 39. Re7 Rb8
40. Re6 Rb6 41. b4+ Kb5 42. Re4 Kc4 43. Ke2 Rxb4 44. Re6 Rxb2+ 45. Ke1 a5 46.
Rxf6 Kd3 47. Ra6 Re2+ 48. Kd1 Ra2 49. Kc1 Ke3 50. Kb1 Ra4 51. Re6+ Kd2 52. f4 d3
53. f5 Rb4+ 54. Ka2 Rf4 55. f6 Kc2 56. Rc6+ Kd1 57. Kb3 d2 58. Kc3 Rf3+ 59. Kb2
a4 60. Re6 Rb3+ 61. Ka2 Kc2 62. Rc6+ Rc3 0-1

[Event "Portugal Open 2020"]
[Site "Lisboa POR"]
[Date "2020.01.28"]
[Round "5.14"]
[White "Jaracz, Barbara"]
[Black "Goluch, Piotr"]
[Result "0-1"]
[WhiteElo "2200"]
[BlackElo "2413"]
[WhiteFideId "1107453"]
[BlackFideId "1137840"]
[WhiteTitle "WGM"]
[BlackTitle "IM"]
[WhiteCountry "POL"]
[BlackCountry "POL"]
[PlyCount "128"]
[EventDate "2020.??.??"]

1. e4 c5 2. Nf3 d6 3. d4 cxd4 4. Nxd4 Nf6 5. Nc3 a6 6. Be3 e5 7. Nb3 Be6 8. f3
Nbd7 9. g4 b5 10. g5 b4 11. Nd5 Nxd5 12. exd5 Bf5 13. Bd3 Bxd3 14. Qxd3 Be7 15.
h4 O-O 16. Nd2 f5 17. gxf6 Nxf6 18. O-O-O Nh5 19. Rdg1 Qd7 20. Rg4 a5 21. Rhg1
Qf5 22. Qxf5 Rxf5 23. c4 bxc3 24. bxc3 g6 25. c4 Rc8 26. Kd1 Ng7 27. Ke2 Rh5 28.
Ne4 Nf5 29. Bg5 Bxg5 30. Rxg5 Rxg5 31. hxg5 Rxc4 32. Rb1 Rb4 33. Rxb4 axb4 34.
Kd3 Kf7 35. Kc4 Ne3+ 36. Kxb4 Nxd5+ 37. Kb5 Ke6 38. a4 Ne7 39. a5 d5 40. Nc5+
Kd6 41. Nb7+ Kc7 42. Nc5 Nc8 43. Ne6+ Kd6 44. Nc5 d4 45. Ne4+ Kd5 46. Nf6+ Ke6
47. Kc6 h5 48. a6 h4 49. Kb7 h3 50. Ng4 Kd7 51. Nxe5+ Kd6 52. Kxc8 h2 53. a7
h1=Q 54. Nf7+ Ke7 55. a8=Q Qh3+ 56. Kc7 Qd7+ 57. Kb6 Kxf7 58. Kc5 d3 59. Qa2+
Qe6 60. Qd2 Qf5+ 61. Kd4 Qxf3 62. Qxd3 Qf4+ 63. Qe4 Qxg5 64. Qc6 Qf6+ 0-1

[Event "Portugal Open 2020"]
[Site "Lisboa POR"]
[Date "2020.01.28"]
[Round "5.15"]
[White "Sousa, André V"]
[Black "Corbalán Gómez, Juan José"]
[Result "1-0"]
[WhiteElo "2391"]
[BlackElo "2243"]
[WhiteFideId "1917617"]
[BlackFideId "2260492"]
[WhiteTitle "IM"]
[WhiteCountry "POR"]
[BlackCountry "ESP"]
[PlyCount "77"]
[EventDate "2020.??.??"]

1. e4 c5 2. Nf3 Nc6 3. d4 cxd4 4. Nxd4 Nf6 5. Nc3 d6 6. f3 g6 7. Be3 Bg7 8. Qd2
O-O 9. O-O-O Nxd4 10. Bxd4 Be6 11. Kb1 a6 12. h4 Re8 13. h5 Qa5 14. hxg6 fxg6
15. g4 Rac8 16. a3 b5 17. Bh3 Nd7 18. g5 Bxh3 19. Bxg7 Kxg7 20. Qh2 Nf8 21. Qxh3
Rxc3 22. bxc3 Qxa3 23. Rd3 Rb8 24. f4 Qc5 25. f5 b4 26. c4 b3 27. Rxb3 Rxb3+ 28.
cxb3 Qe5 29. Qf3 a5 30. Rf1 gxf5 31. exf5 Nd7 32. Qf2 Nc5 33. Re1 Ne4 34. Qe3 d5
35. cxd5 Nc3+ 36. Kc2 Qxe3 37. Rxe3 Nxd5 38. Re5 Nb4+ 39. Kc3 1-0